000
00388nam a2200145Ia 4500
041
_a
Kurdish
082
_a
320.014 cut-972 گ
100
_a
20260118u\\\\\\\\\\\y0engy0103\\\\ba
100
_a
بەهرۆز گەڵاڵى
245
0
_a
لەئەنکەرەوە
250
_a
چ1
260
_b
چاپخانەى روون
_a
سلیمانى - العراق
_c
2004
300
_a
174
942
_c
Bk
999
_c
189927
_d
189927